Die Ländersammlung von Dragan dem Drachen - Statistiken

Allgemein
  • Dieses Quiz wurde 32 mal gespielt
  • Das Durchschnittsergebnis liegt bei 17 aus 29
Antworten auf der Karte
Die Antworten werden auf der Karte rot bzw. grün angezeigt, abhängig davon wie oft sie richtig erraten wurden.
 
Antwortstatistiken
Land % Korrekt
Norwegen
100%
Italien
96%
Chile
82%
Japan
75%
Madagaskar
75%
Somalia
75%
Vietnam
75%
Sudan
71%
Portugal
64%
Schweden
64%
Argentinien
61%
Indien
57%
Myanmar
57%
Pakistan
57%
Panama
57%
Togo
57%
Benin
54%
Marokko
54%
Mosambik
54%
Kamerun
50%
Nepal
50%
Neuseeland
50%
Kuba
43%
Island
36%
Paraguay
36%
Tschechien
36%
Tunesien
36%
Ungarn
36%
Nordmazedonien
18%
Keine übereinstimmenden Quizze gefunden
Verteilung der Resultate
Anzahl Personen mit jedem Resultat
Perzentil nach korrekt beantworteten Fragen
Ihre Resultats-Entwicklung
Sie haben dieses Quiz noch nicht gespielt